|
|
|
|
| LEADER |
00000nab a2200000 a 4500 |
| 001 |
vtls000623467 |
| 003 |
SK-MaSNL |
| 005 |
20260304100034.0 |
| 008 |
250425c1997 xo 0 slo |
| 015 |
|
|
|a SNBRB19rr/mm-uuuuu
|
| 035 |
|
|
|a CL0623606
|
| 035 |
|
|
|a urn:nbn:sk:snk-abd30z
|
| 035 |
|
|
|a (urnnbn)urn:nbn:sk:snk:ar-007eca
|
| 035 |
|
|
|a (uuid)33bcb31b-7fb5-4b9e-bc54-55681171f651
|
| 040 |
|
|
|a SNKBUCL
|b slo
|c SNKBUCL
|e AACR2
|
| 041 |
0 |
|
|a slo
|
| 044 |
|
|
|a xo
|c SK
|
| 080 |
|
|
|a 37.03:78:373.3.018.54
|2 1981
|
| 080 |
|
|
|a 373.3.018.54
|2 1981
|
| 080 |
|
|
|a 37.018.54
|2 1981
|
| 100 |
1 |
|
|a Blahová, Lýdia
|4 aut
|9 431748
|
| 245 |
1 |
0 |
|a Hudobné činnosti v školskom klube detí - 2. časť
|c Lýdia Blahová
|
| 500 |
|
|
|a Ukážky piesní
|
| 650 |
0 |
7 |
|a hudobná výchova
|2 snkbucl
|9 1662
|
| 655 |
|
7 |
|a články z novín a časopisov
|2 snkbucl
|9 267496
|
| 773 |
0 |
|
|t Vychovávateľ
|g Roč. 41, č. 10 (1997), s. 25-27
|x 0139-6919
|
| 850 |
|
|
|a Slovenská národná knižnica
|
| 852 |
|
|
|a Slovenská národná knižnica
|
| 954 |
|
|
|a odborná, vedecká literatúra pôvodná (slovenská)
|2 lita
|
| 958 |
|
|
|a article17
|
| 958 |
|
|
|a SK
|
| 958 |
|
|
|a RK
|
| 958 |
|
|
|a OND
|
| 958 |
|
|
|a EUIPO
|
| 992 |
|
|
|a RBX
|
| 999 |
|
|
|c 2835546
|d 2837476
|